Представление документа в формате MARC21

ПолеНазваниеЗначение
  Тип записи a
  Библиографический уровень m
001 Контрольный номер RU/URAIT/586002
005 Дата корректировки 20260429163628.8
008 Кодируемые данные 260429s2026 RU y f j 000 0 rus u
020 Индекс ISBN __
a ISBN 978-5-534-17985-9
c Цена, тираж 839.00
040 Источник каталогиз. __
a Служба первич. каталог. ИКО Юрайт
c Служба, преобразующая запись ИКО Юрайт
e Правила каталог. RCR
041 Код языка издания __
a Код языка текста rus
044 Код страны публикации __
a Код страны публикации RU
080 Индекс УДК __
a Индекс УДК 712(075.32)
084 Индекс другой классификации/Индекс ББК __
2 Источник индекса rubbk
a Индекс другой классификации/Индекс ББК 42.37я723
100 Автор __
a Автор Васильева В. А.
q Полное имя Васильева Вера Алексеевна
245 Заглавие __
a Заглавие Ландшафтный дизайн малого сада
b Продолж. заглавия учебник для спо
c Ответственность В. А. Васильева, А. И. Головня, Н. Н. Лазарев.
250 Сведения об издании __
g пер. и доп
a Основные сведения об издании 2-е изд.
256 Характеристики компьютерного файла __
a Характеристики компьютерного файла Электрон. дан.
260 Выходные данные __
a Место издания Москва
b Издательство Юрайт
c Дата издания 2026
300 Физическое описание __
a Объем 175 с
440 Серия __
a Серия Профессиональное образование
500 Примечания __
a Примечание URL: https://urait.ru/bcode/586002 (дата обращения: 29.04.2026).
520 Аннотация __
a Аннотация Данная книга расскажет о некоторых законах, приемах и хитростях ландшафтного дизайна. Она поможет разобраться в базовых законах и наиболее распространенных стилях ландшафтного дизайна. В книге рассказано об основных приемах организации ландшафтной территории, способах подбора растений и организации водоемов, альпинариев, рокариев, альпийских горок. Приводится подробная характеристика, методики ухода и выращивания газонных, цветочно-декоративных и древесно-кустарниковых растений. Затронуты вопросы ландшафтного проектирования. С помощью данной книги вы узнаете много полезной информации о секретах ландшафтного дизайна малого сада, а интересные задания помогут закрепить приобретенные знания на практике.
538 Прим. о системных особенностях __
a Прим. о системных особенностях Режим доступа: Электронно-библиотечная система Юрайт, для авториз. пользователей
653 Ключевые слова __
a Ключевые слова Агрономия
653 Ключевые слова __
a Ключевые слова Сельскохозяйственные науки
653 Ключевые слова __
a Ключевые слова Ландшафтный дизайн
653 Ключевые слова __
a Ключевые слова Основы ландшафтного дизайна
653 Ключевые слова __
a Ключевые слова Аранжировка цветов и основы составления цветочной композиции
653 Ключевые слова __
a Ключевые слова Декоративное растениеводство и почвоведение
653 Ключевые слова __
a Ключевые слова Современный ландшафтный дизайн
653 Ключевые слова __
a Ключевые слова Декоративная дендрология и садовый дизайн
653 Ключевые слова __
a Ключевые слова Декоративное растениеводство и питомниководство
653 Ключевые слова __
a Ключевые слова Организация работ по выращиванию древесно-кустарниковой, цветочно-декоративной растительности, газонных трав в декоративном садоводстве
653 Ключевые слова __
a Ключевые слова Техническое и организационное обеспечение производства работ одного вида (благоустройство, озеленение, техническое обслуживание)
700 Другие авторы __
a Другие авторы Головня А. И.
q Полное имя Головня Александр Иванович
700 Другие авторы __
a Другие авторы Лазарев Н. Н.
q Полное имя Лазарев Николай Николаевич
856 Электронный адрес документа 40
n Местонахождение сервера Юрайт
g Электронная книга
q Тип электронного формата html
h Имя пользователя ЮРАЙТ
v Часы доступа к ресурсу 20271231
2 Способ доступа Показать документ
x Служебное примечание https://urait.ru/book/cover/6A60964E-20DB-4FBF-AEE5-1BD6D1410726
u URL https://urait.ru/bcode/586002
856 Электронный адрес документа 48
q Тип электронного формата cover
u URL https://urait.ru/book/cover/6A60964E-20DB-4FBF-AEE5-1BD6D1410726
911 __
u 0030=https://urait.ru/bcode/586002
911 __
u 073a=9785534179859
u 073d=839.00
911 __
u 106a=s
911 __
u 900l=
952 Тип литературы __
i Дисциплина Ландшафтный дизайн
952 Тип литературы __
i Дисциплина Основы ландшафтного дизайна
952 Тип литературы __
i Дисциплина Аранжировка цветов и основы составления цветочной композиции
952 Тип литературы __
i Дисциплина Декоративное растениеводство и почвоведение
952 Тип литературы __
i Дисциплина Современный ландшафтный дизайн
952 Тип литературы __
i Дисциплина Декоративная дендрология и садовый дизайн
952 Тип литературы __
i Дисциплина Декоративное растениеводство и питомниководство
952 Тип литературы __
i Дисциплина Организация работ по выращиванию древесно-кустарниковой, цветочно-декоративной растительности, газонных трав в декоративном садоводстве
952 Тип литературы __
i Дисциплина Техническое и организационное обеспечение производства работ одного вида (благоустройство, озеленение, техническое обслуживание)